[Event "Madrid ch Veteranos 2021"]
[Site "Madrid ESP"]
[Date "2021.04.08"]
[Round "3.12"]
[White "Peñas Merino, Ramona"]
[Black "Garcia Sanz, Eduardo"]
[Result "0-1"]
[WhiteElo "1434"]
[BlackElo "1777"]
[PlyCount "92"]
[EventDate "2021.04.06"]
[EventType "swiss"]
[EventRounds "7"]
[EventCountry "ESP"]
[SourceTitle "Ajedrez en Madrid"]
[Source "lmi"]
[SourceDate "2021.04.06"]
[SourceVersion "1"]
[SourceVersionDate "2021.04.18"]
[SourceQuality "1"]

1. d4 d5 2. Bf4 Nf6 3. e3 e6 4. Nd2 Bd6 5. Bg3 b6 6. c3 c6 7. Bd3 Bxg3 8. hxg3
Ba6 9. Bxa6 Nxa6 10. Qa4 Qc8 11. Ngf3 Nd7 12. e4 f6 13. O-O O-O 14. exd5 cxd5
15. Rfe1 Re8 16. Rac1 b5 17. Qc2 Qb7 18. Re2 Rac8 19. Qb1 b4 20. c4 dxc4 21.
Nxc4 Qd5 22. Rec2 Rb8 23. Ne3 Qb7 24. b3 Nb6 25. Re2 Nc7 26. Qc2 Nb5 27. Qb2
Nc3 28. Rec2 Rbc8 29. Kf1 a5 30. Nd2 Red8 31. Nf3 h5 32. Nd1 Nbd5 33. Nd2 Qb5+
34. Nc4 Rxc4 35. bxc4 Qxc4+ 36. Ke1 Qxd4 37. Nxc3 Nxc3 38. Rd2 Qe4+ 39. Kf1
Qc4+ 40. Ke1 Rd3 41. Re2 Qd5 42. Qb3 Qxb3 43. axb3 Nxe2 44. Kxe2 Rxb3 45. Rc8+
Kf7 46. Ra8 Ra3 0-1

[Event "Madrid ch Veteranos 2021"]
[Site "Madrid ESP"]
[Date "2021.04.08"]
[Round "3.13"]
[White "Ureña Castellanos, Antonio"]
[Black "Millan Tabuenca, Agustin"]
[Result "0-1"]
[WhiteElo "1621"]
[BlackElo "1136"]
[PlyCount "70"]
[EventDate "2021.04.06"]
[EventType "swiss"]
[EventRounds "7"]
[EventCountry "ESP"]
[SourceTitle "Ajedrez en Madrid"]
[Source "lmi"]
[SourceDate "2021.04.06"]
[SourceVersion "1"]
[SourceVersionDate "2021.04.18"]
[SourceQuality "1"]

1. d4 Nf6 2. c4 g6 3. Nc3 Bg7 4. e4 d6 5. f4 O-O 6. Nf3 Nbd7 7. Bd3 e5 8. d5
Nc5 9. Bc2 a5 10. fxe5 dxe5 11. Be3 Na6 12. O-O Ng4 13. Bd2 f5 14. h3 Nh6 15.
Bg5 Qe8 16. Qd2 f4 17. Ba4 Qf7 18. Bxh6 Bxh6 19. Nxe5 Qg7 20. Nf3 g5 21. e5 Nc5
22. Bc2 g4 23. hxg4 Bxg4 24. Qd4 Bxf3 25. Rxf3 Nd7 26. Re1 Rae8 27. Bxh7+ Qxh7
28. e6 Bg7 29. Qd2 Ne5 30. Rh3 Qxh3 31. Rxe5 Qg4 32. Re4 Qf5 33. Re1 f3 34. Ne4
Qg4 35. Qg5 Qxg5 0-1

[Event "Madrid ch Veteranos 2021"]
[Site "Madrid ESP"]
[Date "2021.04.08"]
[Round "3.14"]
[White "Villodre Miranda, Juan Alonso"]
[Black "Infante Martin, Alonso"]
[Result "1-0"]
[WhiteElo "1572"]
[BlackElo "1404"]
[PlyCount "63"]
[EventDate "2021.04.06"]
[EventType "swiss"]
[EventRounds "7"]
[EventCountry "ESP"]
[SourceTitle "Ajedrez en Madrid"]
[Source "lmi"]
[SourceDate "2021.04.06"]
[SourceVersion "1"]
[SourceVersionDate "2021.04.18"]
[SourceQuality "1"]

1. c4 Nf6 2. Nc3 e6 3. g3 c6 4. Bg2 d5 5. cxd5 exd5 6. d4 Be7 7. h3 Be6 8. e3
Nbd7 9. Nge2 Nb6 10. O-O Qc7 11. Kh2 h6 12. Nf4 Bd7 13. Nh5 Nxh5 14. Qxh5 g6
15. Qe2 h5 16. h4 Bxh4 17. e4 Bg4 18. Bf3 O-O-O 19. Bxg4+ hxg4 20. Qxg4+ Kb8
21. Bf4 Bxg3+ 22. Kxg3 Rd6 23. Bxd6 Qxd6+ 24. e5 Qe7 25. Rh1 Rg8 26. Rh7 Nd7
27. Qf4 Qe6 28. Rxf7 Rh8 29. Kf3 g5 30. Qf5 Qh6 31. Qxd7 Qh5+ 32. Ke3 1-0

[Event "Madrid ch Veteranos 2021"]
[Site "Madrid ESP"]
[Date "2021.04.08"]
[Round "3.15"]
[White "Ramos Antona, Enrique"]
[Black "Suarez Mencia, Roberto"]
[Result "1-0"]
[WhiteElo "1471"]
[BlackElo "1364"]
[PlyCount "135"]
[EventDate "2021.04.06"]
[EventType "swiss"]
[EventRounds "7"]
[EventCountry "ESP"]
[SourceTitle "Ajedrez en Madrid"]
[Source "lmi"]
[SourceDate "2021.04.06"]
[SourceVersion "1"]
[SourceVersionDate "2021.04.18"]
[SourceQuality "1"]

1. d4 Nf6 2. c4 g6 3. Nc3 Bg7 4. Nf3 d6 5. g3 Nbd7 6. Bg2 O-O 7. O-O e5 8. e4
c6 9. Re1 Re8 10. b3 b6 11. Bb2 a6 12. Qd2 Bb7 13. Rad1 a5 14. d5 Rc8 15. Ba3
c5 16. Bh3 Ra8 17. Nb5 Nf8 18. Qc2 h6 19. Bc1 N8h7 20. a4 Ba6 21. Nc3 Nh5 22.
Be3 Qf6 23. Nh4 Ng5 24. Bg4 Bc8 25. Qe2 Bxg4 26. Qxg4 Qd8 27. Bxg5 Qxg5 28. Qh3
Nf4 29. Qf1 Bf6 30. Kh1 Nh5 31. Qh3 Bd8 32. Rf1 Qf6 33. Qg2 Ng7 34. f4 exf4 35.
Nb5 g5 36. Nf5 Nxf5 37. exf5 Re5 38. gxf4 Rxf5 39. fxg5 hxg5 40. Rxf5 Qxf5 41.
Nxd6 Qe5 42. Nb5 Qe3 43. Qg3 Qe4+ 44. Kg1 Bf6 45. d6 Rd8 46. Rd5 Qb1+ 47. Kg2
Qe4+ 48. Kh3 Qh7+ 49. Kg2 Qe4+ 50. Qf3 Qg6 51. d7 Be7 52. Kg3 Qh6 53. Qg4 Qh4+
54. Qxh4 gxh4+ 55. Kg4 Kg7 56. Kf5 Kh6 57. h3 Rg8 58. Ke4 f6 59. Na7 Rg5 60.
d8=Q Bxd8 61. Rxd8 Re5+ 62. Kf3 Kg5 63. Rd5 Kf5 64. Nc8 Rxd5 65. cxd5 Ke5 66.
Nxb6 f5 67. Nc4+ Kd4 68. d6 1-0

[Event "Madrid ch Veteranos 2021"]
[Site "Madrid ESP"]
[Date "2021.04.08"]
[Round "3.16"]
[White "Menendez Domens, Juan Manuel"]
[Black "Plaza Plaza, Prudencio"]
[Result "1-0"]
[WhiteElo "1467"]
[BlackElo "1265"]
[PlyCount "67"]
[EventDate "2021.04.06"]
[EventType "swiss"]
[EventRounds "7"]
[EventCountry "ESP"]
[SourceTitle "Ajedrez en Madrid"]
[Source "lmi"]
[SourceDate "2021.04.06"]
[SourceVersion "1"]
[SourceVersionDate "2021.04.18"]
[SourceQuality "1"]

1. e4 e6 2. Nf3 d5 3. exd5 exd5 4. d4 Bd6 5. Nc3 c6 6. Bd3 Ne7 7. Ne2 Bf5 8. c4
Bxd3 9. Qxd3 dxc4 10. Qxc4 O-O 11. O-O h6 12. Ng3 Nd7 13. Nh5 Nd5 14. Re1 N7f6
15. Ng3 Re8 16. Bd2 Qc7 17. Nf5 Bf4 18. Qc2 Ng4 19. g3 Bxd2 20. Qxd2 Qd7 21.
N5h4 Ngf6 22. Kh1 Ne4 23. Qc2 Ndf6 24. Re2 Qd5 25. a4 g5 26. Ng2 Nxg3+ 27. fxg3
Qxf3 28. Rf2 Qe4 29. Qc4 Qd5 30. Qb4 Kg7 31. Raf1 a5 32. Qxb7 Rab8 33. Qa7 Rxb2
34. Rxb2 1-0

[Event "Madrid ch Veteranos 2021"]
[Site "Madrid ESP"]
[Date "2021.04.08"]
[Round "3.17"]
[White "Garcia Granja, Jose"]
[Black "Martin Garcia, Francisco Javier"]
[Result "0-1"]
[WhiteElo "1041"]
[BlackElo "1428"]
[PlyCount "102"]
[EventDate "2021.04.06"]
[EventType "swiss"]
[EventRounds "7"]
[EventCountry "ESP"]
[SourceTitle "Ajedrez en Madrid"]
[Source "lmi"]
[SourceDate "2021.04.06"]
[SourceVersion "1"]
[SourceVersionDate "2021.04.18"]
[SourceQuality "1"]

1. c4 Nf6 2. Nc3 d5 3. cxd5 Nxd5 4. g3 g6 5. Bg2 Nb6 6. d3 Bg7 7. Rb1 O-O 8. e4
c5 9. Nge2 Na6 10. a3 e5 11. O-O c4 12. dxc4 Nxc4 13. b3 Nb6 14. Bb2 Be6 15. f4
Qxd1 16. Rfxd1 Bxb3 17. Re1 Nc5 18. Bc1 Bc4 19. f5 Nd3 20. Rf1 Nxc1 21. Rbxc1
Bh6 22. Rc2 Rac8 23. Rb2 Bxe2 24. Nxe2 Rfd8 25. g4 Be3+ 26. Kh1 Rd2 27. Rxd2
Bxd2 28. Rb1 Be3 29. h4 Nc4 30. Rxb7 Nxa3 31. g5 h6 32. Rb3 Nc4 33. gxh6 Bxh6
34. Ng3 Bf4 35. Bf1 Nd2 36. Rb2 Bxg3 37. Rxd2 Bxh4 38. fxg6 fxg6 39. Rd7 Ra8
40. Rd6 Kg7 41. Rd7+ Kh6 42. Bc4 a5 43. Bf7 Rd8 44. Ra7 Rd4 45. Bd5 Ra4 46. Kg2
Ra3 47. Ra6 a4 48. Bf7 Rg3+ 49. Kh2 a3 50. Ra5 Rc3 51. Rxe5 Bg3+ 0-1

[Event "Madrid ch Veteranos 2021"]
[Site "Madrid ESP"]
[Date "2021.04.09"]
[Round "4.1"]
[White "Barez Menendez, Hector"]
[Black "Marin Lopez, Jeronimo"]
[Result "0-1"]
[WhiteElo "2103"]
[BlackElo "1899"]
[PlyCount "84"]
[EventDate "2021.04.06"]
[EventType "swiss"]
[EventRounds "7"]
[EventCountry "ESP"]
[SourceTitle "Ajedrez en Madrid"]
[Source "lmi"]
[SourceDate "2021.04.06"]
[SourceVersion "1"]
[SourceVersionDate "2021.04.18"]
[SourceQuality "1"]

1. d4 Nf6 2. Nf3 g6 3. g3 Bg7 4. Bg2 O-O 5. c4 d6 6. O-O Nc6 7. Nc3 a6 8. h3
Bd7 9. e4 e5 10. d5 Nd4 11. Nxd4 exd4 12. Qxd4 Qc8 13. h4 Ng4 14. Qd1 b5 15. f3
Ne5 16. c5 dxc5 17. Be3 c4 18. Bd4 b4 19. Ne2 Bb5 20. a4 c5 21. dxc6 Bxc6 22.
Qc2 Bd7 23. Rfd1 Be6 24. Nf4 Rd8 25. Bb6 Rxd1+ 26. Rxd1 Qc6 27. a5 c3 28. bxc3
Qxc3 29. Qxc3 bxc3 30. Nxe6 fxe6 31. Bf1 Nxf3+ 32. Kf2 Nd2 33. Bd3 Be5 34. Kg2
Kg7 35. Bc2 Rc8 36. Ra1 Rc4 37. Bd3 Rb4 38. Bc5 Rb2 39. Ba3 c2 40. Rc1 Rb3 41.
Bxa6 Rxa3 42. Rxc2 Rxa5 0-1

[Event "Madrid ch Veteranos 2021"]
[Site "Madrid ESP"]
[Date "2021.04.09"]
[Round "4.2"]
[White "Martin Garcia, Luis I"]
[Black "Elissalt Cardenas, Hector"]
[Result "0-1"]
[WhiteElo "1831"]
[BlackElo "2286"]
[PlyCount "124"]
[EventDate "2021.04.06"]
[EventType "swiss"]
[EventRounds "7"]
[EventCountry "ESP"]
[SourceTitle "Ajedrez en Madrid"]
[Source "lmi"]
[SourceDate "2021.04.06"]
[SourceVersion "1"]
[SourceVersionDate "2021.04.18"]
[SourceQuality "1"]

1. e4 d6 2. d4 Nf6 3. Nc3 e5 4. dxe5 dxe5 5. Qxd8+ Kxd8 6. Bg5 Be6 7. Nd5 Bxd5
8. O-O-O Be7 9. Bxf6 Bxf6 10. Rxd5+ Ke7 11. Nf3 c6 12. Rd1 Nd7 13. g4 h6 14.
Bd3 Bg5+ 15. Kb1 Bf4 16. Nh4 g6 17. Ng2 a5 18. h4 Nc5 19. f3 h5 20. g5 Rad8 21.
Nxf4 exf4 22. Rhe1 Rd4 23. Kc1 Rhd8 24. Bf1 Rxd1+ 25. Rxd1 Rxd1+ 26. Kxd1 f6
27. gxf6+ Kxf6 28. Bh3 b5 29. Kd2 Ke5 30. a3 Na4 31. b3 Nb6 32. Kc3 c5 33. Kd3
Kd6 34. Kc3 Na8 35. Bf1 Nc7 36. Bh3 Kc6 37. a4 Kd6 38. Bc8 bxa4 39. bxa4 Na8
40. Ba6 Nb6 41. Bb5 Ke7 42. Kd3 Kf6 43. Ke2 Nc8 44. Bd7 Nd6 45. Kd3 Nf7 46. Ke2
Ne5 47. Bb5 g5 48. hxg5+ Kxg5 49. Kf2 h4 50. Bf1 Kf6 51. Be2 h3 52. Kg1 Kg5 53.
Kh2 Kh4 54. c3 c4 55. Bd1 Nd3 56. Be2 Nb2 57. e5 Kg5 58. Kxh3 Kf5 59. e6 Kxe6
60. Kg4 Ke5 61. Kg5 Nxa4 62. Bxc4 Nxc3 0-1

[Event "Madrid ch Veteranos 2021"]
[Site "Madrid ESP"]
[Date "2021.04.09"]
[Round "4.3"]
[White "Marin Aso, Jose Luis"]
[Black "Gonzalez Rivera, Eduardo"]
[Result "0-1"]
[WhiteElo "1910"]
[BlackElo "2017"]
[PlyCount "84"]
[EventDate "2021.04.06"]
[EventType "swiss"]
[EventRounds "7"]
[EventCountry "ESP"]
[SourceTitle "Ajedrez en Madrid"]
[Source "lmi"]
[SourceDate "2021.04.06"]
[SourceVersion "1"]
[SourceVersionDate "2021.04.18"]
[SourceQuality "1"]

1. c4 e5 2. Nc3 Nf6 3. Nf3 Nc6 4. d4 exd4 5. Nxd4 Bb4 6. Bg5 h6 7. Bh4 O-O 8.
Nxc6 bxc6 9. e3 d5 10. Bd3 Be6 11. Qc2 dxc4 12. Be2 Be7 13. O-O Nd5 14. Bg3 Bd6
15. Rad1 Bxg3 16. hxg3 Qe7 17. Rd2 Rfd8 18. Rfd1 Nb6 19. Qe4 Rxd2 20. Rxd2 Qc5
21. Qh4 Re8 22. Rd8 Qf8 23. Rd4 Qe7 24. Bf3 Qxh4 25. gxh4 c5 26. Rd2 Rb8 27.
Bc6 Kf8 28. Ne4 c3 29. bxc3 Nc4 30. Rd1 Ne5 31. Ba4 c4 32. Rd4 Ke7 33. Nc5 Rb1+
34. Kh2 Rb2 35. Kg3 Rxa2 36. f4 Nd3 37. Nxe6 Rxa4 38. Nxc7 Nc1 39. Nd5+ Ke6 40.
Nc7+ Kf6 41. Kf3 Nb3 42. Rd5 Ra2 0-1

[Event "Madrid ch Veteranos 2021"]
[Site "Madrid ESP"]
[Date "2021.04.09"]
[Round "4.4"]
[White "Cabañas Bravo, Juan Andres"]
[Black "Pashov, Spas Nikolov"]
[Result "1-0"]
[WhiteElo "1971"]
[BlackElo "1777"]
[PlyCount "53"]
[EventDate "2021.04.06"]
[EventType "swiss"]
[EventRounds "7"]
[EventCountry "ESP"]
[SourceTitle "Ajedrez en Madrid"]
[Source "lmi"]
[SourceDate "2021.04.06"]
[SourceVersion "1"]
[SourceVersionDate "2021.04.18"]
[SourceQuality "1"]

1. e4 e5 2. f4 exf4 3. Nf3 d5 4. exd5 Nf6 5. Nc3 Nxd5 6. Bc4 Be6 7. Qe2 Be7 8.
O-O Nxc3 9. bxc3 Bxc4 10. Qxc4 O-O 11. Qxf4 c5 12. Rb1 b6 13. Ne5 Bf6 14. d4
Bxe5 15. Qxe5 cxd4 16. Qe4 Nd7 17. cxd4 Rc8 18. Rb3 Nf6 19. Qh4 Nd5 20. Qg4 f6
21. Rh3 Rf7 22. Re1 Qd7 23. Qd1 Qc7 24. Qh5 Ne7 25. Qxh7+ Kf8 26. Qh8+ Ng8 27.
Ba3+ 1-0

[Event "Madrid ch Veteranos 2021"]
[Site "Madrid ESP"]
[Date "2021.04.09"]
[Round "4.5"]
[White "Garcia Sanz, Eduardo"]
[Black "Luque Ibañes, Manuel"]
[Result "0-1"]
[WhiteElo "1777"]
[BlackElo "1949"]
[PlyCount "124"]
[EventDate "2021.04.06"]
[EventType "swiss"]
[EventRounds "7"]
[EventCountry "ESP"]
[SourceTitle "Ajedrez en Madrid"]
[Source "lmi"]
[SourceDate "2021.04.06"]
[SourceVersion "1"]
[SourceVersionDate "2021.04.18"]
[SourceQuality "1"]

1. c4 e5 2. g3 d6 3. Bg2 Be7 4. Nc3 c6 5. d4 f5 6. dxe5 dxe5 7. Qxd8+ Bxd8 8.
Nf3 Bc7 9. O-O Nf6 10. e4 O-O 11. exf5 Bxf5 12. Re1 Nbd7 13. b3 h6 14. Ba3 Rfe8
15. Rad1 Bb6 16. Nh4 Bg4 17. Rd2 g5 18. Nf3 Rad8 19. h3 Bh5 20. g4 Bg6 21. c5
Nxc5 22. Rxd8 Rxd8 23. Bxc5 Bxc5 24. Rxe5 Bb6 25. Re7 Rd7 26. Rxd7 Nxd7 27. Na4
Ba5 28. Nd4 Kf7 29. Bf1 Kf6 30. Kg2 Bd2 31. Nf5 Bxf5 32. gxf5 Kxf5 33. Be2 Nf6
34. Nb2 Ke4 35. Nc4 Bb4 36. a3 Be7 37. Na5 Bxa3 38. Nxb7 Nd5 39. Nd8 Nf4+ 40.
Kf1 Nxe2 41. Kxe2 Kd5 42. Nf7 Bf8 43. Kd3 Ke6 44. Nd8+ Kd7 45. Nf7 Bg7 46. Ke4
Ke7 47. Ne5 Bxe5 48. Kxe5 a5 49. f3 Kd7 50. f4 gxf4 51. Kxf4 Kd6 52. Ke4 Kc5
53. Kd3 Kb4 54. Kc2 a4 55. bxa4 Kxa4 56. Kc3 Kb5 57. h4 h5 58. Kd4 Kb4 59. Kd3
Kc5 60. Kc3 Kd5 61. Kb4 Kd4 62. Kb3 Ke4 0-1

[Event "Madrid ch Veteranos 2021"]
[Site "Madrid ESP"]
[Date "2021.04.09"]
[Round "4.6"]
[White "Fernandez Garcia, Ignacio"]
[Black "Garcia Martin, Esteban"]
[Result "0-1"]
[WhiteElo "1801"]
[BlackElo "1891"]
[PlyCount "62"]
[EventDate "2021.04.06"]
[EventType "swiss"]
[EventRounds "7"]
[EventCountry "ESP"]
[SourceTitle "Ajedrez en Madrid"]
[Source "lmi"]
[SourceDate "2021.04.06"]
[SourceVersion "1"]
[SourceVersionDate "2021.04.18"]
[SourceQuality "1"]

1. e4 c5 2. Nf3 d6 3. e5 Nc6 4. exd6 exd6 5. Nc3 Nf6 6. d3 Be7 7. Be2 O-O 8.
Bg5 d5 9. h3 d4 10. Bxf6 Bxf6 11. Ne4 Be7 12. Qd2 Qc7 13. g4 Re8 14. O-O-O Be6
15. a3 b5 16. c4 b4 17. Kc2 bxa3 18. bxa3 Bd7 19. Rb1 Na5 20. Kb2 Rab8+ 21. Ka2
Ba4 22. Rxb8 Rxb8 23. Rb1 Rb3 24. Rxb3 Bxb3+ 25. Kb1 Qb7 26. Qb2 Nxc4 27. dxc4
Qxe4+ 28. Ka1 d3 29. Qxb3 Qxe2 30. Qb8+ Bf8 31. Qf4 g5 0-1

[Event "Madrid ch Veteranos 2021"]
[Site "Madrid ESP"]
[Date "2021.04.09"]
[Round "4.8"]
[White "De Luna Butz, Alberto"]
[Black "Fiz Criado, Fidel"]
[Result "0-1"]
[WhiteElo "1689"]
[BlackElo "1863"]
[PlyCount "72"]
[EventDate "2021.04.06"]
[EventType "swiss"]
[EventRounds "7"]
[EventCountry "ESP"]
[SourceTitle "Ajedrez en Madrid"]
[Source "lmi"]
[SourceDate "2021.04.06"]
[SourceVersion "1"]
[SourceVersionDate "2021.04.18"]
[SourceQuality "1"]

1. Nf3 Nf6 2. c4 e6 3. g3 d5 4. Bg2 Nc6 5. b3 Be7 6. Bb2 O-O 7. O-O d4 8. d3 e5
9. Na3 Ng4 10. h3 Nh6 11. Nc2 f5 12. b4 Bf6 13. b5 Ne7 14. e3 dxe3 15. Bxe5
exf2+ 16. Rxf2 Ng6 17. Bxf6 Qxf6 18. d4 Qd6 19. Kh2 f4 20. g4 Bxg4 21. hxg4
Nxg4+ 22. Kg1 Nxf2 23. Kxf2 Rad8 24. Qe1 Rfe8 25. Qb4 Qf6 26. Re1 Nh4 27. Rxe8+
Rxe8 28. Qd2 Nxg2 29. Kxg2 Qg6+ 30. Kf1 Qe4 31. Ne5 Re6 32. Qg2 f3 33. Nxf3
Qd3+ 34. Kg1 Rg6 35. Ng5 Qd1+ 36. Kh2 Qh5+ 0-1

[Event "Madrid ch Veteranos 2021"]
[Site "Madrid ESP"]
[Date "2021.04.09"]
[Round "4.9"]
[White "Millan Tabuenca, Agustin"]
[Black "Barahona Torrijos, Angel"]
[Result "0-1"]
[WhiteElo "1136"]
[BlackElo "1817"]
[PlyCount "84"]
[EventDate "2021.04.06"]
[EventType "swiss"]
[EventRounds "7"]
[EventCountry "ESP"]
[SourceTitle "Ajedrez en Madrid"]
[Source "lmi"]
[SourceDate "2021.04.06"]
[SourceVersion "1"]
[SourceVersionDate "2021.04.18"]
[SourceQuality "1"]

1. c4 e6 2. Nc3 d5 3. cxd5 exd5 4. e3 Nf6 5. g3 Bd6 6. Nge2 O-O 7. Bg2 c6 8.
O-O Bg4 9. Qb3 b5 10. Nf4 Nbd7 11. d4 b4 12. Nce2 g5 13. h3 gxf4 14. hxg4 fxg3
15. f3 a5 16. g5 Nh5 17. f4 Nb6 18. Bf3 Ng7 19. Nxg3 Qd7 20. Kg2 Nf5 21. Qd3
Nxg3 22. Kxg3 Qe6 23. Rh1 Qg6 24. Qe2 Rae8 25. b3 f6 26. Kf2 Bxf4 27. gxf6 Qxf6
28. Bd2 Rf7 29. Rh3 Rg7 30. Qd3 Bg5 31. Rah1 Re4 32. Ke2 Rh4 33. Rxh4 Bxh4 34.
Rf1 Qd6 35. Rh1 Bg5 36. Rh3 c5 37. dxc5 Qxc5 38. Qf5 h6 39. Qe6+ Kf8 40. Bh5
Qb5+ 41. Ke1 Bh4+ 42. Rxh4 Rg1+ 0-1

[Event "Madrid ch Veteranos 2021"]
[Site "Madrid ESP"]
[Date "2021.04.09"]
[Round "4.10"]
[White "Perez Pascual, Arturo"]
[Black "Menendez Domens, Juan Manuel"]
[Result "1-0"]
[WhiteElo "1742"]
[BlackElo "1467"]
[PlyCount "43"]
[EventDate "2021.04.06"]
[EventType "swiss"]
[EventRounds "7"]
[EventCountry "ESP"]
[SourceTitle "Ajedrez en Madrid"]
[Source "lmi"]
[SourceDate "2021.04.06"]
[SourceVersion "1"]
[SourceVersionDate "2021.04.18"]
[SourceQuality "1"]

1. e4 e5 2. Nf3 Nc6 3. Bb5 a6 4. Ba4 Nf6 5. d4 d6 6. dxe5 Nxe4 7. Qd5 Nc5 8.
Ng5 Ne6 9. Nf3 Bd7 10. Bb3 dxe5 11. Nxe5 Nxe5 12. Qxe5 Bd6 13. Qh5 Qf6 14. O-O
O-O-O 15. Nc3 Qg6 16. Qh4 Nc5 17. Bd5 Be7 18. Qxe7 Rhe8 19. Qxc5 c6 20. Bf3
Qxc2 21. Qb6 Re6 22. Bf4 1-0

[Event "Madrid ch Veteranos 2021"]
[Site "Madrid ESP"]
[Date "2021.04.09"]
[Round "4.11"]
[White "Martin Garcia, Francisco Javier"]
[Black "Martinez Martinez, Javier II"]
[Result "1-0"]
[WhiteElo "1428"]
[BlackElo "1585"]
[PlyCount "77"]
[EventDate "2021.04.06"]
[EventType "swiss"]
[EventRounds "7"]
[EventCountry "ESP"]
[SourceTitle "Ajedrez en Madrid"]
[Source "lmi"]
[SourceDate "2021.04.06"]
[SourceVersion "1"]
[SourceVersionDate "2021.04.18"]
[SourceQuality "1"]

1. d4 Nf6 2. Nf3 g6 3. g3 Bg7 4. Bg2 d5 5. O-O O-O 6. c4 c6 7. Ne5 e6 8. Nc3
Nbd7 9. b3 Nxe5 10. dxe5 Nd7 11. f4 Qa5 12. Bb2 dxc4 13. Ne4 f5 14. Nd6 Rd8 15.
Qc1 cxb3 16. axb3 Qc5+ 17. e3 Qxc1 18. Rfxc1 Nb6 19. Bd4 Nd5 20. e4 Ne7 21.
Rxa7 Rxa7 22. Bxa7 fxe4 23. Bxe4 Nd5 24. Bc5 Ne7 25. Ra1 Bf8 26. Ra8 Nd5 27.
Bxd5 cxd5 28. Nxb7 Bxc5+ 29. Nxc5 Kf7 30. b4 Ke7 31. b5 d4 32. Kf1 d3 33. Ke1
Bd7 34. Rxd8 Kxd8 35. Nxd7 Kxd7 36. Kd2 Kc7 37. Kxd3 Kb6 38. Kc4 h6 39. h3 1-0

[Event "Madrid ch Veteranos 2021"]
[Site "Madrid ESP"]
[Date "2021.04.09"]
[Round "4.13"]
[White "Perales Hernandez, Manuel"]
[Black "Ghavami, Mahmoud"]
[Result "0-1"]
[WhiteElo "1337"]
[BlackElo "1552"]
[PlyCount "148"]
[EventDate "2021.04.06"]
[EventType "swiss"]
[EventRounds "7"]
[EventCountry "ESP"]
[SourceTitle "Ajedrez en Madrid"]
[Source "lmi"]
[SourceDate "2021.04.06"]
[SourceVersion "1"]
[SourceVersionDate "2021.04.18"]
[SourceQuality "1"]

1. e4 d5 2. e5 Bf5 3. Nc3 e6 4. h4 h6 5. g4 Bg6 6. d4 a6 7. Nf3 c5 8. h5 Bh7 9.
Bd3 Bxd3 10. Qxd3 Nc6 11. a3 Qb6 12. Na4 Qa5+ 13. Nc3 cxd4 14. Nxd4 Nxe5 15.
Qg3 Bd6 16. Bd2 Qc7 17. b3 Ne7 18. f4 N5c6 19. Nxc6 Nxc6 20. g5 Nd4 21. Kd1 Nf5
22. Qf3 O-O-O 23. b4 Kb8 24. b5 Nd4 25. Qd3 Nxb5 26. Nxb5 axb5 27. Qxb5 Bxf4
28. Ba5 Qe5 29. c3 Qe3 30. Kc2 d4 31. Bxd8 Rxd8 32. Rhd1 Qxc3+ 33. Kb1 d3 34.
Ra2 Be5 35. gxh6 gxh6 36. Qb4 Rd5 37. Qxc3 Bxc3 38. Rh1 Kc7 39. a4 Kd6 40. Ra3
Ba5 41. Rb3 b6 42. Rh3 d2 43. Rh1 Rxh5 44. Rd3+ Rd5 45. Rxd5+ Kxd5 46. Kc2 e5
47. Rxh6 f5 48. Rh8 Ke4 49. Rh2 f4 50. Re2+ Kd4 51. Kd1 f3 52. Rh2 e4 53. Rh4
Ke3 54. Rh8 Bc3 55. Rf8 Kf2 56. Rc8 e3 57. Rxc3 e2+ 58. Kxd2 e1=Q+ 59. Kd3
Qxc3+ 60. Kxc3 Ke2 61. Kc4 f2 62. Kb5 f1=Q 63. Kxb6 Qb1+ 64. Kc5 Qc2+ 65. Kb5
Qb3+ 66. Ka5 Kd3 67. Ka6 Qxa4+ 68. Kb6 Kd4 69. Kc7 Qa6 70. Kd7 Ke5 71. Kc7 Kd5
72. Kd7 Qa7+ 73. Ke8 Ke6 74. Kf8 Qf7# 0-1

[Event "Madrid ch Veteranos 2021"]
[Site "Madrid ESP"]
[Date "2021.04.09"]
[Round "4.14"]
[White "Salgado Duarte, Pablo"]
[Black "Peñas Merino, Ramona"]
[Result "1-0"]
[WhiteElo "1472"]
[BlackElo "1434"]
[PlyCount "87"]
[EventDate "2021.04.06"]
[EventType "swiss"]
[EventRounds "7"]
[EventCountry "ESP"]
[SourceTitle "Ajedrez en Madrid"]
[Source "lmi"]
[SourceDate "2021.04.06"]
[SourceVersion "1"]
[SourceVersionDate "2021.04.18"]
[SourceQuality "1"]

1. d4 d5 2. c4 e6 3. Nc3 Nf6 4. Nf3 Be7 5. cxd5 exd5 6. h3 c6 7. Bf4 Be6 8. a3
Bd6 9. Bxd6 Qxd6 10. e3 Nbd7 11. Bd3 h6 12. O-O O-O 13. Re1 Rfe8 14. e4 dxe4
15. Nxe4 Nxe4 16. Bxe4 Nf6 17. Bc2 Rad8 18. Bb3 Nd5 19. Bxd5 Bxd5 20. Rxe8+
Rxe8 21. Ne5 c5 22. Nf3 cxd4 23. Qxd4 a6 24. Rd1 Rd8 25. Ne5 Qf6 26. Qe3 Qe6
27. Ng4 Rc8 28. Qg3 Bc6 29. Rd6 Qe1+ 30. Kh2 Kh7 31. Ne5 Bxg2 32. Kxg2 Qe4+ 33.
Kh2 Rc1 34. Nf3 Qb1 35. Qg2 Qf5 36. Rd4 Qc5 37. Qg4 Rc2 38. Rd2 Rxd2 39. Nxd2
Qxf2+ 40. Qg2 Qf4+ 41. Kh1 b5 42. Qe4+ Qxe4+ 43. Nxe4 Kg6 44. b4 1-0

[Event "Madrid ch Veteranos 2021"]
[Site "Madrid ESP"]
[Date "2021.04.09"]
[Round "4.16"]
[White "Plaza Plaza, Prudencio"]
[Black "Ureña Castellanos, Antonio"]
[Result "0-1"]
[WhiteElo "1265"]
[BlackElo "1621"]
[PlyCount "102"]
[EventDate "2021.04.06"]
[EventType "swiss"]
[EventRounds "7"]
[EventCountry "ESP"]
[SourceTitle "Ajedrez en Madrid"]
[Source "lmi"]
[SourceDate "2021.04.06"]
[SourceVersion "1"]
[SourceVersionDate "2021.04.18"]
[SourceQuality "1"]

1. d4 d5 2. Bf4 Nf6 3. e3 e6 4. Nf3 c5 5. c3 c4 6. b3 b5 7. a4 Bd7 8. axb5 Bxb5
9. bxc4 dxc4 10. Nbd2 Qc8 11. Ne5 Nd5 12. Bxc4 Bxc4 13. Nexc4 Nxf4 14. exf4 Qc6
15. O-O Be7 16. Qa4 O-O 17. Qxc6 Nxc6 18. Ne5 Rfc8 19. Rfc1 h5 20. g3 g5 21.
fxg5 Nxe5 22. dxe5 a5 23. Ne4 Kg7 24. f4 Rc4 25. Nd6 Rc6 26. Nb7 a4 27. Kg2 a3
28. Ra2 Rb6 29. Nd6 Rb2+ 30. Rxb2 axb2 31. Rb1 Ra3 32. Nc4 Rxc3 33. Nxb2 Rb3
34. Kh3 Kg6 35. Kh4 Ba3 36. h3 Rxb2 37. Rxb2 Bxb2 38. g4 hxg4 39. Kxg4 Bc1 40.
h4 Kg7 41. f5 Bb2 42. fxe6 fxe6 43. Kf4 Kg6 44. Ke4 Kh5 45. Kf4 Kxh4 46. g6
Bc1+ 47. Ke4 Bh6 48. Kd4 Kg5 49. Kc5 Kxg6 50. Kd6 Kf5 51. Ke7 Bg7 0-1